LEADER 02914oam 2200661I 450 001 9910786226103321 005 20220428204553.0 010 $a0-429-18932-X 010 $a1-4398-3670-1 024 7 $a10.1201/b14496 035 $a(CKB)2670000000342217 035 $a(EBL)1165864 035 $a(OCoLC)837237686 035 $a(SSID)ssj0000856464 035 $a(PQKBManifestationID)12352035 035 $a(PQKBTitleCode)TC0000856464 035 $a(PQKBWorkID)10817844 035 $a(PQKB)10921426 035 $a(Au-PeEL)EBL1165864 035 $a(CaPaEBR)ebr10684466 035 $a(CaONFJC)MIL502172 035 $a(CaSebORM)9781439836705 035 $a(MiAaPQ)EBC1165864 035 $a(PPN)183347218 035 $a(EXLCZ)992670000000342217 100 $a20180331d2013 uy 0 101 0 $aeng 135 $aur|n|---||||| 181 $ctxt 182 $cc 183 $acr 200 10$aMicrolenses $eproperties, fabrication, and liquid lenses /$fHongrui Jiang, Xuefeng Zeng 205 $a1st edition 210 1$aBoca Raton :$cTaylor & Francis,$d2013. 215 $a1 online resource (225 p.) 225 1 $aSeries in optics and optoelectronics 300 $aDescription based upon print version of record. 311 $a1-4398-3669-8 320 $aIncludes bibliographical references. 327 $aFront Cover; Dedications; Contents; About the Authors; Preface; Chapter 1 - Introduction to Liquid Microlenses; Chapter 2 - Basic Physics of Liquid Microlenses; Chapter 3 - Fabrication Methods; Chapter 4 - Solid Microlenses; Chapter 5 - Electrically Driven Tunable Microlenses; Chapter 6 - Mechanically Driven Tunable Microlenses; Chapter 7 - Horizontal Microlenses Integrated in Microfluidics; Chapter 8 - Looking into the Future; Back Cover 330 $aMicrolenses and microlens arrays are a vital part of modern optical systems with applications in MEMS and sensor systems. This book explores the physics and optical properties of a range of microlenses, along with their fabrication, tuning, and applications in various fields. Although focusing on liquid lenses, the text covers all lens systems. The authors discuss such topics as microfabrication and nanofabrication, liquid interfaces, surface tension, variable focus, and lab on chips. They also provide a discussion of the challenges posed by current microlenses--$cProvided by publisher. 410 0$aSeries in optics and optoelectronics. 606 $aOptical MEMS 606 $aLiquid lenses 606 $aMicrofluidics 615 0$aOptical MEMS. 615 0$aLiquid lenses. 615 0$aMicrofluidics. 676 $a681/.423 686 $aTEC019000$aTEC027000$2bisacsh 700 $aJiang$b Hongrui.$01158062 801 0$bMiAaPQ 801 1$bMiAaPQ 801 2$bMiAaPQ 906 $aBOOK 912 $a9910786226103321 996 $aMicrolenses$92705016 997 $aUNINA LEADER 04387nam 2200721 450 001 9910809665903321 005 20230807221323.0 010 $a3-11-040673-X 010 $a3-11-040683-7 024 7 $a10.1515/9783110406733 035 $a(CKB)3710000000455794 035 $a(EBL)1787191 035 $a(OCoLC)914329060 035 $a(SSID)ssj0001497081 035 $a(PQKBManifestationID)12647257 035 $a(PQKBTitleCode)TC0001497081 035 $a(PQKBWorkID)11493602 035 $a(PQKB)11550166 035 $a(MiAaPQ)EBC1787191 035 $a(DE-B1597)444726 035 $a(OCoLC)917873737 035 $a(OCoLC)952790212 035 $a(DE-B1597)9783110406733 035 $a(Au-PeEL)EBL1787191 035 $a(CaPaEBR)ebr11084540 035 $a(CaONFJC)MIL814775 035 $a(EXLCZ)993710000000455794 100 $a20150814h20152015 uy 0 101 0 $aeng 135 $aurun#---|u||u 181 $ctxt 182 $cc 183 $acr 200 10$aBinominal quantifiers in Spanish $econceptually-driven analogy in diachrony and synchrony /$fKatrien Dora Verveckken 210 1$aBerlin, Germany ;$aBoston, Massachusetts :$cDe Gruyter,$d2015. 210 4$d©2015 215 $a1 online resource (532 p.) 225 1 $aBeihefte zur Zeitschrift fu?r romanische Philologie,$x0084-5396 ;$vBand 391 300 $aDescription based upon print version of record. 311 $a3-11-040371-4 320 $aIncludes bibliographical references. 327 $tFront matter --$tAcknowledgements --$tContents --$tList of abbreviations --$tIntroduction --$tPart 1. Preliminaries --$t2. Framework, state of the art and methodology --$t3. Binominal quantifiers as a locus of grammaticalization --$tPart 2. Diachronic case-studies - towards a constructional network model --$t4. The development of montón de, a typical locus of grammaticalization --$t5. The role of conceptual persistence and analogy in the development of BQs --$t6. Theoretical reflection: a constructional network model of the development of BQs --$tPart 3. Synchronic case-studies - towards a constructional network model --$t7. QN-related schematization and N2-profiling --$t8. The motivated nature of the QN-related co-selection patterns --$t9. Theoretical reflection: the notion of CIP revisited --$tPart 4. Conclusions --$t10. Conclusion --$tReferences 330 $aQuantification is central to human experience (cf. Aristotle's Organon): the most basic aspects of human life and reasoning involve quantity assessment. This study sheds lights on a highly frequent way to express quantification in Spanish, viz. the binominal quantifier (e.g. un aluviónN1 de llamadasN2 'a flood of calls') which assesses the quantity of N2 in terms of N1. This volume offers a corpus-based, cognitive-functional analysis of binominal quantifiers (BQ) in Spanish. The first part is dedicated to the development of BQs and starts from the assumption that BQs are cross-linguistically involved in grammaticalization. This monograph frames the history of BQs in Spanish in terms of constructional levels of change and highlights the complex interplay between analogical thinking and conceptual persistence. The second part motivates both the ample variation in the paradigm of quantifying nouns and their combinatorial pattern by the very same mechanism of conceptually-driven analogy. The study thus yields an innovative functional model of BQs in Spanish, in synchrony and in diachrony, with major implications for reference grammars and theory building. 410 0$aBeihefte zur Zeitschrift fu?r romanische Philologie ;$vBand 391. 606 $aSpanish language$xNominals 606 $aSpanish language$xQualifiers 606 $aSpanish language$xTopic and comment 610 $aCognitive Semantics. 610 $aCognitive-functional Linguistics. 610 $aConceptualization in Quantification. 610 $aGrammaticalization (of Constructions). 615 0$aSpanish language$xNominals. 615 0$aSpanish language$xQualifiers. 615 0$aSpanish language$xTopic and comment. 676 $a465/.5 700 $aVerveckken$b Katrien Dora$f1984-$01719269 801 0$bMiAaPQ 801 1$bMiAaPQ 801 2$bMiAaPQ 906 $aBOOK 912 $a9910809665903321 996 $aBinominal quantifiers in Spanish$94116945 997 $aUNINA